History of economic thought: A critical perspective (Record no. 176925)
[ view plain ]
| 000 -LEADER | |
|---|---|
| fixed length control field | 00406nam a2200157Ia 4500 |
| 008 - FIXED-LENGTH DATA ELEMENTS--GENERAL INFORMATION | |
| fixed length control field | 230917s9999||||xx |||||||||||||| ||und|| |
| 040 ## - CATALOGING SOURCE | |
| -- | 217053 |
| Original cataloging agency | VIVEKANANDA LIBRARY |
| 041 ## - Language | |
| -- | English |
| 082 ## - DDC NUMBER | |
| Classification number | 330.9 H911H(3) |
| 100 ## - MAIN ENTRY--PERSONAL NAME | |
| Personal name | Hunt, E K |
| 245 #0 - TITLE STATEMENT | |
| Title | History of economic thought: A critical perspective |
| 250 ## - EDITION STATEMENT | |
| Edition statement | 3rd. ed. |
| 260 ## - PUBLICATION, DISTRIBUTION, ETC. (IMPRINT) | |
| Place of publication, distribution, etc | New Delhi |
| Name of publisher, distributor, etc | PHI Learning |
| Date of publication, distribution, etc | 2011 |
| 300 ## - PHYSICAL DESCRIPTION | |
| Pages | xxv, 579 p. |
| 942 ## - ADDED ENTRY ELEMENTS (KOHA) | |
| Koha item type | Books |
| Withdrawn status | Lost status | Damaged status | Not for loan | Location (home branch) | Sublocation or collection (holding branch) | Shelving location | Date acquired | Koha issues (times borrowed) | Koha full call number | Accession No. | Koha date last seen | Koha item type |
|---|---|---|---|---|---|---|---|---|---|---|---|---|
| VIVEKANANDA LIBRARY | VIVEKANANDA LIBRARY | Economics Department | 29/05/2014 | 2 | 330.9 H911H(3) | 334649 | 11/11/2025 | Books | ||||
| VIVEKANANDA LIBRARY | VIVEKANANDA LIBRARY | 29/05/2014 | 330.9 H911H(3) | 361138 | 17/09/2023 | Books | ||||||
| VIVEKANANDA LIBRARY | VIVEKANANDA LIBRARY | 29/05/2014 | 330.9 H911H(3) | 361139 | 17/09/2023 | Books |
